[Event "Oberliga Bayern 1415"]
[Site "Germany"]
[Date "2015.01.18"]
[Round "5.3"]
[White "Zwanzger, Johannes"]
[Black "Hilverda, Alexander"]
[Result "0-1"]
[WhiteElo "2313"]
[BlackElo "2353"]
[PlyCount "108"]
[EventDate "2014.10.19"]
[EventType "team-tourn"]
[EventRounds "9"]
[EventCountry "GER"]
[SourceTitle "EXT 2016"]
[Source "ChessBase"]
[SourceDate "2015.10.08"]
[SourceVersion "1"]
[SourceVersionDate "2015.10.08"]
[SourceQuality "1"]
[WhiteTeam "Bayern Muenchen II"]
[BlackTeam "Erlangen"]
[WhiteTeamCountry "GER"]
[BlackTeamCountry "GER"]

1. e4 c5 2. Nf3 e6 3. d4 cxd4 4. Nxd4 Nc6 5. Nb5 d6 6. c4 a6 7. N5c3 Nf6 8. g3 Bd7 9. Bg2 Rc8 10. 0-0 Ne5 11. b3 b5 12. cxb5 axb5 13. a4 b4 14. Nb5 Bxb5 15. axb5 Be7 16. Be3 0-0 17. h3 Ned7 18. Qe2 Nc5 19. Nd2 Qb6 20. Ra6 Qb8 21. Ra2 d5 22. exd5 Nxd5 23. Bxd5 exd5 24. Bd4 Rfe8 25. Qe5 Ne6 26. b6 Nxd4 27. Qxd4 Bc5 28. Qxd5 Qxg3+ 29. Qg2 Qxg2+ 30. Kxg2 Bxb6 31. Nc4 Bc5 32. Rd1 Rc6 33. Rd7 h6 34. Rad2 Re1 35. Rb7 Rg6+ 36. Kh2 Rf6 37. Kg2 Rb1 38. Rb5 Rg6+ 39. Kh2 Be7 40. Rb8+ Kh7 41. Rd3 Rf6 42. Kg2 Bc5 43. Ne3 Rd6 44. Rxd6 Bxd6 45. Rd8 Bc5 46. Rd3 Kg6 47. Kf3 Rh1 48. Kg2 Rc1 49. Nd5 Kf5 50. Rf3+ Ke4 51. Ne3 Rg1+ 52. Kxg1 Kxf3 53. Ng4 f5 54. Ne5+ Ke2 0-1

[Event "Bundesliga 1415"]
[Site "Germany"]
[Date "2014.12.06"]
[Round "5.16"]
[White "Zwanzger, Johannes"]
[Black "Mann, Christian"]
[Result "1/2-1/2"]
[WhiteElo "2313"]
[BlackElo "2439"]
[PlyCount "81"]
[EventDate "2014.10.18"]
[EventType "team-tourn"]
[EventRounds "15"]
[EventCountry "GER"]
[SourceTitle "CBM 164"]
[Source "ChessBase"]
[SourceDate "2015.01.15"]
[SourceVersion "1"]
[SourceVersionDate "2015.01.15"]
[SourceQuality "1"]
[WhiteTeam "Bayern Muenchen"]
[BlackTeam "Eppingen"]
[WhiteTeamCountry "GER"]
[BlackTeamCountry "GER"]

1. e4 e6 2. d4 d5 3. Nd2 Nf6 4. e5 Nfd7 5. f4 c5 6. c3 Nc6 7. Ndf3 a5 8. Bd3 cxd4 9. cxd4 Nb6 10. Ne2 Bd7 11. 0-0 h5 12. Ng5 g6 13. a3 a4 14. Qe1 Ne7 15. Bd2 Qb8 16. Bb4 Bc6 17. Nc3 Nc4 18. Bxc4 dxc4 19. Nge4 Bxe4 20. Qxe4 Nf5 21. g3 Bxb4 22. axb4 0-0 23. d5 exd5 24. Nxd5 Qa7+ 25. Kh1 Qd4 26. Qxd4 Nxd4 27. Nb6 Ra6 28. Nxc4 Rc8 29. Ne3 b5 30. Rad1 Nf5 31. Nxf5 gxf5 32. Rf2 Rc4 33. Rd8+ Kg7 34. Rfd2 Rxb4 35. Rb8 Rc6 36. Rdd8 f6 37. Rb7+ Kg6 38. Rg8+ Kh6 39. Rh8+ Kg6 40. Rg8+ Kh6 41. Rh8+ 1/2-1/2

[Event "Oberliga Bayern 1415"]
[Site "Germany"]
[Date "2014.11.09"]
[Round "2.3"]
[White "Koepke, Christian"]
[Black "Zwanzger, Johannes"]
[Result "1/2-1/2"]
[WhiteElo "2324"]
[BlackElo "2313"]
[PlyCount "33"]
[EventDate "2014.10.19"]
[EventType "team-tourn"]
[EventRounds "9"]
[EventCountry "GER"]
[SourceTitle "EXT 2016"]
[Source "ChessBase"]
[SourceDate "2015.10.08"]
[SourceVersion "1"]
[SourceVersionDate "2015.10.08"]
[SourceQuality "1"]
[WhiteTeam "Garching"]
[BlackTeam "Bayern Muenchen II"]
[WhiteTeamCountry "GER"]
[BlackTeamCountry "GER"]

1. e4 c5 2. Nf3 e6 3. d4 cxd4 4. Nxd4 Nc6 5. Nc3 Qc7 6. Be3 a6 7. Qd2 Nf6 8. f4 Bb4 9. Bd3 b5 10. a3 Bxc3 11. Qxc3 Bb7 12. Nb3 0-0 13. Nc5 d5 14. Qd2 dxe4 15. Nxe4 Nxe4 16. Bxe4 Ne5 17. Bxb7 1/2-1/2

[Event "Bundesliga 1314"]
[Site "Germany"]
[Date "2014.02.08"]
[Round "7.7"]
[White "Zwanzger, Johannes"]
[Black "Thesing, Matthias"]
[Result "1/2-1/2"]
[WhiteElo "2329"]
[BlackElo "2355"]
[PlyCount "177"]
[EventDate "2013.10.12"]
[EventType "team-tourn"]
[EventRounds "15"]
[EventCountry "GER"]
[SourceTitle "CBM 159"]
[Source "ChessBase"]
[SourceDate "2014.03.17"]
[SourceVersion "1"]
[SourceVersionDate "2014.03.17"]
[SourceQuality "1"]
[WhiteTeam "Bayern Muenchen"]
[BlackTeam "Katernberg"]
[WhiteTeamCountry "GER"]
[BlackTeamCountry "GER"]

1. e4 c5 2. Nf3 e6 3. d4 cxd4 4. Nxd4 a6 5. Bd3 Nf6 6. 0-0 Qc7 7. Qe2 d6 8. c4 g6 9. Nc3 Bg7 10. Be3 0-0 11. Rac1 Nbd7 12. b3 b6 13. f3 Bb7 14. Qf2 Rac8 15. Rfd1 Qb8 16. Bf1 Rfe8 17. Kh1 Rcd8 18. Nde2 Ba8 19. Nf4 g5 20. Nfe2 g4 21. Nf4 Kh8 22. Be2 Rc8 23. fxg4 Nc5 24. Nh5 Ncxe4 25. Nxe4 Nxe4 26. Qh4 Be5 27. Bd4 d5 28. Bf3 dxc4 29. bxc4 Rg8 30. Bxe5+ Qxe5 31. Rd7 Ng5 32. Bxa8 Rxa8 33. Qg3 Qxg3 34. Nxg3 h6 35. Rf1 Rad8 36. Rxd8 Rxd8 37. h3 Rd3 38. Kh2 Kg8 39. h4 Nh7 40. Rb1 Nf6 41. Rxb6 Nxg4+ 42. Kh3 f5 43. Rb3 Kf7 44. Rxd3 Nf2+ 45. Kh2 Nxd3 46. Kg1 Ke7 47. Nh5 Kd6 48. Ng7 Ke5 49. Kh2 Nc5 50. Kh3 Ne4 51. g3 a5 52. Kg2 a4 53. a3 Nc5 54. Kf3 Kd4 55. g4 fxg4+ 56. Kxg4 Kxc4 57. Kh5 Kb3 58. Kxh6 Kxa3 59. h5 Kb2 60. Kg6 Nd7 61. Nxe6 Ne5+ 62. Kg7 Ng4 63. Nc5 a3 64. Nd3+ Kc3 65. Nc1 Kb2 66. Nd3+ Kc2 67. Nb4+ Kb3 68. Nd3 Nf2 69. Nc1+ Kb2 70. h6 Kxc1 71. h7 a2 72. h8Q a1Q+ 73. Kh7 Qb1+ 74. Kg8 Qb3+ 75. Kh7 Qd3+ 76. Kg8 Qd5+ 77. Kh7 Ne4 78. Qa1+ Kc2 79. Qa4+ Kd2 80. Qb4+ Ke2 81. Qb2+ Kf3 82. Kg7 Qd7+ 83. Kg6 Qe6+ 84. Kg7 Kf4 85. Qh2+ Kg4 86. Qe2+ Kf5 87. Qf3+ Ke5 88. Qh5+ Kd6 89. Qg6 1/2-1/2

[Event "Oberliga Bayern 1314"]
[Site "Bayern"]
[Date "2014.01.19"]
[Round "5.3"]
[White "Zwanzger, Johannes"]
[Black "Hoefelsauer, Thomas"]
[Result "0-1"]
[WhiteElo "2329"]
[BlackElo "2282"]
[PlyCount "150"]
[EventDate "2013.10.13"]
[EventType "team-tourn"]
[EventRounds "9"]
[EventCountry "GER"]
[SourceTitle "EXT 2015"]
[Source "ChessBase"]
[SourceDate "2014.11.20"]
[SourceVersion "1"]
[SourceVersionDate "2014.11.20"]
[SourceQuality "1"]
[WhiteTeam "Bayern Muenchen II"]
[BlackTeam "Muenchen Suedost"]
[WhiteTeamCountry "GER"]
[BlackTeamCountry "GER"]

1. e4 c6 2. d4 d5 3. e5 c5 4. dxc5 Nc6 5. Bb5 e6 6. Be3 Nge7 7. c3 Bd7 8. Bxc6 Bxc6 9. Nf3 Nf5 10. Bd4 Nxd4 11. Qxd4 Qc7 12. b4 b6 13. cxb6 axb6 14. 0-0 Bb5 15. Re1 Be7 16. a3 0-0 17. Ra2 Bc4 18. Rd2 Rae8 19. Qg4 Bd8 20. h4 Qe7 21. h5 h6 22. Rd4 b5 23. Nbd2 Bb6 24. Rf4 Bd3 25. Nd4 Rc8 26. Re3 Bxd4 27. Rxd4 Bf5 28. Qe2 Qa7 29. Nb3 Qxa3 30. Nc5 Rxc5 31. bxc5 Qxc5 32. Rb4 Rb8 33. Kh2 Qe7 34. g3 Qg5 35. f4 Qg4 36. Qxg4 Bxg4 37. Re1 Bxh5 38. Ra1 Rb7 39. Kg1 Be2 40. Kf2 Bc4 41. Ra8+ Kh7 42. Ke3 Kg6 43. Rb2 Rc7 44. Kf3 d4 45. Rb8 dxc3 46. Rc2 Bd3 47. Rc1 c2 48. Ke3 Rc3 49. Kd2 Rb3 50. g4 Be4 51. Rb7 Kh7 52. Re1 Rb1 53. Rc1 b4 54. Rxc2 Bxc2 55. Kxc2 Rg1 56. f5 exf5 57. gxf5 Rg5 58. f6 Rxe5 59. fxg7 Re4 60. Rb5 Kxg7 61. Rb6 Rh4 62. Kd3 b3 63. Ke3 Rh2 64. Kf4 Rb2 65. Kf3 Rb1 66. Kg2 f6 67. Kh2 Kg6 68. Rb5 f5 69. Kg2 Kg5 70. Rb4 f4 71. Rb8 b2 72. Rb5+ Kf6 73. Kh2 Ke6 74. Kg2 f3+ 75. Kf2 Rh1 0-1

[Event "Oberliga Bayern 1314"]
[Site "Bayern"]
[Date "2013.10.13"]
[Round "1.4"]
[White "Bintakies, Michael"]
[Black "Zwanzger, Johannes"]
[Result "1/2-1/2"]
[WhiteElo "2206"]
[BlackElo "2329"]
[PlyCount "100"]
[EventDate "2013.10.13"]
[EventType "team-tourn"]
[EventRounds "9"]
[EventCountry "GER"]
[SourceTitle "EXT 2015"]
[Source "ChessBase"]
[SourceDate "2014.11.20"]
[SourceVersion "1"]
[SourceVersionDate "2014.11.20"]
[SourceQuality "1"]
[WhiteTeam "Kriegshaber"]
[BlackTeam "Bayern Muenchen II"]
[WhiteTeamCountry "GER"]
[BlackTeamCountry "GER"]

1. f4 c5 2. Nf3 g6 3. g3 Bg7 4. Bg2 Nc6 5. 0-0 Nf6 6. d3 0-0 7. Nc3 d6 8. Nh4 e6 9. e4 Nd7 10. f5 Rb8 11. a4 a6 12. fxe6 fxe6 13. Rxf8+ Qxf8 14. Be3 b5 15. axb5 axb5 16. Qd2 b4 17. Rf1 Qe7 18. Nd1 Ba6 19. Bg5 Qe8 20. b3 Nde5 21. Nf3 Rb7 22. Nxe5 Nxe5 23. Bf6 Rf7 24. Bxg7 Rxf1+ 25. Kxf1 Kxg7 26. Ne3 Bb5 27. Qf2 Qa8 28. Bf3 Qa1+ 29. Kg2 Bc6 30. Ng4 Nxg4 31. Bxg4 Qf6 32. Qxf6+ Kxf6 33. Kf2 Ke5 34. Ke3 d5 35. Bf3 Be8 36. exd5 exd5 37. Bg4 g5 38. Bf3 Bg6 39. Kd2 Kd4 40. Be2 Bf5 41. Bf3 Bg6 42. Be2 h6 43. Bf3 h5 44. Be2 Bf7 45. Bf3 g4 46. Bg2 Be6 47. Bh1 Bf5 48. Bg2 Bg6 49. Bf1 Bf7 50. Bg2 Bg6 1/2-1/2

[Event "Bundesliga 1213"]
[Site "Germany"]
[Date "2013.04.07"]
[Round "15.4"]
[White "Rapport, Richard"]
[Black "Zwanzger, Johannes"]
[Result "1-0"]
[WhiteElo "2621"]
[BlackElo "2326"]
[PlyCount "69"]
[EventDate "2012.10.20"]
[EventType "team-tourn"]
[EventRounds "15"]
[EventCountry "GER"]
[SourceTitle "CBM 154"]
[Source "ChessBase"]
[SourceDate "2013.05.15"]
[SourceVersion "1"]
[SourceVersionDate "2013.05.15"]
[SourceQuality "1"]
[WhiteTeam "Werder Bremen"]
[BlackTeam "Forchheim"]
[WhiteTeamCountry "GER"]
[BlackTeamCountry "GER"]

1. Nf3 d5 2. g3 Nf6 3. Bg2 e6 4. 0-0 Be7 5. c4 0-0 6. b3 c5 7. Bb2 Nc6 8. e3 b6 9. Nc3 dxc4 10. bxc4 Bb7 11. Qe2 Rc8 12. Rfd1 Qc7 13. Rac1 Qb8 14. Ne1 Rfd8 15. d3 Na5 16. Bxb7 Qxb7 17. f4 a6 18. Rb1 Rb8 19. Ba1 Qd7 20. a4 Nc6 21. Nf3 Qc7 22. Rd2 Ne8 23. g4 Nb4 24. g5 Nd6 25. Ne5 b5 26. axb5 axb5 27. cxb5 Nxb5 28. Nxb5 Rxb5 29. Qh5 Bf8 30. Ng4 c4 31. Rg2 cxd3 32. Nh6+ Kh8 33. Nxf7+ Kg8 34. Nh6+ Kh8 35. Qf7 1-0

[Event "Bundesliga 1213"]
[Site "Germany"]
[Date "2013.02.03"]
[Round "8"]
[White "Zwanzger, Johannes"]
[Black "Nisipeanu, Liviu Dieter"]
[Result "0-1"]
[WhiteElo "2326"]
[BlackElo "2661"]
[PlyCount "32"]
[EventDate "2012.10.20"]
[EventType "team-tourn"]
[EventRounds "15"]
[EventCountry "GER"]
[SourceTitle "CBM 153"]
[Source "ChessBase"]
[SourceDate "2013.03.14"]
[SourceVersion "1"]
[SourceVersionDate "2013.03.14"]
[SourceQuality "1"]
[WhiteTeam "Forchheim"]
[BlackTeam "Baden-Baden"]
[WhiteTeamCountry "GER"]
[BlackTeamCountry "GER"]

1. e4 e5 2. Nf3 d6 3. d4 exd4 4. Nxd4 Nf6 5. Nc3 Be7 6. Bc4 0-0 7. Bb3 a5 8. Qf3 Nc6 9. Nxc6 bxc6 10. 0-0 Nd7 11. Bf4 Bf6 12. Rfe1 Ne5 13. Qg3 Bh4 14. Qe3 Ng4 15. Qe2 Bxf2+ 16. Kh1 Qh4 0-1

[Event "Bundesliga 1213"]
[Site "Germany"]
[Date "2012.10.21"]
[Round "2.4"]
[White "Czarnota, Pawel"]
[Black "Zwanzger, Johannes"]
[Result "1-0"]
[WhiteElo "2536"]
[BlackElo "2326"]
[PlyCount "87"]
[EventDate "2012.10.20"]
[EventType "team-tourn"]
[EventRounds "15"]
[EventCountry "GER"]
[SourceTitle "CBM 151"]
[Source "ChessBase"]
[SourceDate "2012.11.13"]
[SourceVersion "1"]
[SourceVersionDate "2012.11.13"]
[SourceQuality "1"]
[WhiteTeam "Wattenscheid"]
[BlackTeam "Forchheim"]
[WhiteTeamCountry "GER"]
[BlackTeamCountry "GER"]

1. c4 c5 2. Nc3 Nc6 3. Nf3 g6 4. g3 Bg7 5. Bg2 d6 6. 0-0 e5 7. a3 Nge7 8. Rb1 a5 9. Ne1 0-0 10. Nc2 Be6 11. Ne3 Rb8 12. Ned5 h6 13. d3 Kh7 14. Bd2 f5 15. b4 b6 16. Nxe7 Nxe7 17. bxa5 bxa5 18. Qa4 Qd7 19. Qxa5 e4 20. Nb5 Rfc8 21. Bf4 Ra8 22. Qd2 d5 23. cxd5 Nxd5 24. dxe4 Nxf4 25. Qxf4 Ba2 26. Rfd1 Qe7 27. Rbc1 Ra4 28. Nc3 Rxa3 29. Nb5 Ra4 30. Qd6 Re8 31. exf5 Qxd6 32. Nxd6 Rxe2 33. Rxc5 Bb3 34. Rb1 Bc2 35. Rxc2 Rxc2 36. fxg6+ Kxg6 37. Be4+ Rxe4 38. Nxe4 Bd4 39. Rd1 Ba7 40. Kg2 Ra2 41. Rd2 Ra4 42. f3 Ra3 43. Rd6+ Kg7 44. h4 1-0

[Event "Bundesliga 1213"]
[Site "Germany"]
[Date "2012.10.20"]
[Round "1.4"]
[White "Zwanzger, Johannes"]
[Black "Smeets, Jan"]
[Result "0-1"]
[WhiteElo "2326"]
[BlackElo "2613"]
[PlyCount "64"]
[EventDate "2012.10.20"]
[EventType "team-tourn"]
[EventRounds "15"]
[EventCountry "GER"]
[SourceTitle "CBM 151"]
[Source "ChessBase"]
[SourceDate "2012.11.13"]
[SourceVersion "1"]
[SourceVersionDate "2012.11.13"]
[SourceQuality "1"]
[WhiteTeam "Forchheim"]
[BlackTeam "Solingen"]
[WhiteTeamCountry "GER"]
[BlackTeamCountry "GER"]

1. e4 e5 2. Nf3 Nc6 3. Nc3 Nf6 4. g3 Bc5 5. Bg2 d6 6. d3 a6 7. Be3 Ng4 8. Bxc5 dxc5 9. 0-0 Be6 10. h3 Nh6 11. Kh2 f6 12. Qd2 Qd6 13. Ne2 Nf7 14. c3 0-0-0 15. Rfd1 g5 16. d4 g4 17. hxg4 Bxg4 18. d5 Bxf3 19. Bxf3 h5 20. Qe3 Ne7 21. b4 cxb4 22. Qa7 Ng5 23. Bh1 h4 24. g4 Qb6 25. Qxb6 cxb6 26. cxb4 Ng6 27. Rf1 Kd7 28. f4 exf4 29. Nxf4 Ne5 30. Kg1 Nxg4 31. Nd3 Rhg8 32. Rf4 Nh3+ 0-1

[Event "BL2-Ost 1112"]
[Site "Germany"]
[Date "2012.02.26"]
[Round "7.6"]
[White "Meissner, Bernd"]
[Black "Zwanzger, Johannes"]
[Result "1/2-1/2"]
[WhiteElo "2385"]
[BlackElo "2326"]
[PlyCount "177"]
[EventDate "2011.10.02"]
[EventType "team-tourn"]
[EventRounds "9"]
[EventCountry "GER"]
[SourceTitle "EXT 2015"]
[Source "ChessBase"]
[SourceDate "2014.11.20"]
[SourceVersion "1"]
[SourceVersionDate "2014.11.20"]
[SourceQuality "1"]
[WhiteTeam "Bayern Muenchen"]
[BlackTeam "Forchheim"]
[WhiteTeamCountry "GER"]
[BlackTeamCountry "GER"]

1. d4 d5 2. c4 e6 3. Nc3 Be7 4. Nf3 Nf6 5. Bf4 0-0 6. e3 c5 7. dxc5 Bxc5 8. cxd5 Nxd5 9. Nxd5 exd5 10. a3 Nc6 11. Bd3 Bb6 12. 0-0 d4 13. exd4 Nxd4 14. Be5 Nc6 15. Bc3 Bg4 16. h3 Bh5 17. Be4 Qxd1 18. Raxd1 Rad8 19. Rfe1 Rxd1 20. Rxd1 Rd8 21. Rxd8+ Nxd8 22. Ne5 Be2 23. Nd7 Bc7 24. Bd5 Bb5 25. Ne5 Kf8 26. g3 Ke8 27. Ng4 f6 28. Be4 h6 29. Ne3 Bd7 30. h4 Nc6 31. Kf1 Kf7 32. h5 Be5 33. Bxe5 fxe5 34. Ke2 Nd4+ 35. Kd2 b6 36. Nc4 Kf6 37. Ke3 Ne6 38. Bf3 Nc5 39. b4 Ne6 40. Bg4 Bc6 41. Bd1 Nc7 42. Kd2 Nd5 43. Nd6 Ke6 44. Nc4 Nf6 45. g4 Bd7 46. f3 Kd5 47. Bb3 Bc6 48. Ne3+ Kd6 49. Nf5+ Kd7 50. Ke3 e4 51. Nd4 exf3 52. Nxc6 Kxc6 53. Kxf3 Kd6 54. Kf4 Nd7 55. Kf5 Ke7 56. Ba4 Nf6 57. Bc6 a5 58. bxa5 bxa5 59. Bf3 Kf7 60. Ke5 g6 61. Kd6 gxh5 62. gxh5 Kg7 63. Kc6 a4 64. Kb5 Nd7 65. Kxa4 Ne5 66. Be2 Nc6 67. Bf3 Nd4 68. Be4 Kf6 69. Kb4 Ke5 70. Bg6 Kd6 71. Kc4 Ne6 72. a4 Kc6 73. a5 Kb7 74. Bf7 Ng5 75. Bd5+ Ka6 76. Kb4 Nh3 77. Bc4+ Ka7 78. Kb5 Nf4 79. Bf7 Ne2 80. Kc5 Nf4 81. Kb4 Ne2 82. Bd5 Nf4 83. Bf3 Nd3+ 84. Kb5 Nf4 85. Bg4 Nd3 86. Be2 Nf4 87. Bg4 Nd3 88. Be2 Nf4 89. Bf3 1/2-1/2

[Event "BL2-Ost 1011"]
[Site "Germany"]
[Date "2011.02.06"]
[Round "6.4"]
[White "Mueller, Matthias"]
[Black "Zwanzger, Johannes"]
[Result "1-0"]
[WhiteElo "2387"]
[BlackElo "2341"]
[PlyCount "99"]
[EventDate "2010.10.10"]
[EventType "team-tourn"]
[EventRounds "9"]
[EventCountry "GER"]
[SourceTitle "EXT 2012"]
[Source "ChessBase"]
[SourceDate "2011.11.24"]
[SourceVersion "1"]
[SourceVersionDate "2011.11.24"]
[SourceQuality "1"]
[WhiteTeam "Erfurt SK"]
[BlackTeam "Forchheim"]
[WhiteTeamCountry "GER"]
[BlackTeamCountry "GER"]

1. e4 c5 2. Nf3 e6 3. d4 cxd4 4. Nxd4 a6 5. c4 Nf6 6. Nc3 Qc7 7. a3 b6 8. Be3 Bb7 9. f3 Nc6 10. Rc1 Nxd4 11. Qxd4 Bc5 12. Qd2 Bxe3 13. Qxe3 d6 14. b4 0-0 15. Be2 Rab8 16. 0-0 Rfd8 17. Rfd1 Ba8 18. Bf1 Qe7 19. Rd4 Rdc8 20. Rcd1 Ne8 21. R4d2 Qc7 22. Rc1 Rd8 23. Rdd1 h6 24. Ne2 Bc6 25. Nd4 Ba4 26. Rd3 Rdc8 27. Rdc3 Qa7 28. b5 Ra8 29. Nc6 Qb7 30. Qd2 Rxc6 31. bxc6 Qxc6 32. Rb1 Kf8 33. Qe3 Rb8 34. Rb4 a5 35. Rb2 Qc5 36. Qxc5 dxc5 37. e5 Ke7 38. Rd3 Nc7 39. Rd6 Na8 40. Bd3 f5 41. f4 Rc8 42. Be2 Bc6 43. Bf3 Bxf3 44. gxf3 Rc7 45. Rg2 Kf7 46. Rd8 Ra7 47. Rgd2 Ke7 48. Rg8 Kf7 49. Rb8 Ke7 50. Rd6 1-0

[Event "BL2-Ost 1011"]
[Site "Germany"]
[Date "2010.10.10"]
[Round "1.4"]
[White "Krensing, Jan"]
[Black "Zwanzger, Johannes"]
[Result "1/2-1/2"]
[WhiteElo "2292"]
[BlackElo "2341"]
[PlyCount "33"]
[EventDate "2010.10.10"]
[EventType "team-tourn"]
[EventRounds "9"]
[EventCountry "GER"]
[SourceTitle "EXT 2012"]
[Source "ChessBase"]
[SourceDate "2011.11.24"]
[SourceVersion "1"]
[SourceVersionDate "2011.11.24"]
[SourceQuality "1"]
[WhiteTeam "Bindlach"]
[BlackTeam "Forchheim"]
[WhiteTeamCountry "GER"]
[BlackTeamCountry "GER"]

1. d4 Nf6 2. c4 g6 3. Nc3 d5 4. cxd5 Nxd5 5. e4 Nxc3 6. bxc3 Bg7 7. Nf3 c5 8. Rb1 0-0 9. Be2 cxd4 10. cxd4 Qa5+ 11. Bd2 Qxa2 12. 0-0 Na6 13. Qc1 Bg4 14. Bc4 Qa4 15. Bb5 Qa2 16. Bc4 Qa4 17. Bb5 1/2-1/2